[Event "European Youth Chess Championship B14"]
[Site "Prague, Top Hotel Prague"]
[Date "2012.08.20"]
[Round "4.13"]
[White "Vetrov, Gleb"]
[Black "Khanin, Semen"]
[Result "1-0"]
[WhiteElo "2043"]
[BlackElo "2220"]
[PlyCount "103"]
[EventDate "2012.08.17"]

1. d4 d5 2. c4 e6 3. Nf3 c5 4. cxd5 exd5 5. g3 Nc6 6. Bg2 Nf6 7. Nc3 Be7 8. O-O
O-O 9. Bg5 cxd4 10. Nxd4 h6 11. Be3 Re8 12. Qa4 Na5 13. Rad1 Nc4 14. Bc1 Bd7
15. Qc2 Rc8 16. b3 Ne5 17. Qb2 Qa5 18. Bd2 Ba3 19. Qa1 Bb4 20. Nb1 Ne4 21. Bc1
Nc6 22. Nf3 Bf8 23. a3 Qb5 24. Nfd2 Bg4 25. f3 Nxd2 26. Rxd2 Bf5 27. Nc3 Qb6+
28. Kh1 d4 29. Ne4 Qxb3 30. Rb2 Qc4 31. Qb1 b6 32. Nf6+ gxf6 33. Qxf5 Qe6 34.
Qh5 Rcd8 35. Rb5 Bc5 36. Bxh6 Rd5 37. Qh4 Qf5 38. g4 Qg6 39. f4 Rd6 40. f5 Qh7
41. g5 fxg5 42. Qxg5+ Kh8 43. f6 Ne5 44. Rf4 Rg8 45. Qxe5 Qxh6 46. Rxc5 bxc5
47. Qxd6 Qg5 48. Rf2 Re8 49. Qd7 Rb8 50. Qxf7 Rb2 51. Qf8+ Qg8 52. Qh6+ 1-0

[Event "European Youth Chess Championship B14"]
[Site "Prague, Top Hotel Prague"]
[Date "2012.08.20"]
[Round "4.14"]
[White "Snihur, Piotr"]
[Black "Stremavicius, Titas"]
[Result "1-0"]
[WhiteElo "2038"]
[BlackElo "2195"]
[PlyCount "119"]
[EventDate "2012.08.17"]

1. e4 c5 2. Nf3 Nc6 3. d4 cxd4 4. Nxd4 Nf6 5. Nc3 d6 6. Bc4 Bd7 7. O-O g6 8.
Nxc6 Bxc6 9. Bg5 Bg7 10. Nd5 Bxd5 11. exd5 O-O 12. Re1 Rc8 13. Bb3 Qd7 14. c3
Qf5 15. Bc1 Rc7 16. Be3 b6 17. f3 h5 18. Qd2 Rb8 19. Re2 b5 20. Rae1 Rbb7 21.
Bd4 Kh7 22. Qd1 Kg8 23. a3 Bf8 24. Bf2 Bh6 25. Qd4 a5 26. Rd1 Bg7 27. Qd2 Qc8
28. Qf4 Nh7 29. Bd4 Bxd4+ 30. Rxd4 Qf8 31. g4 hxg4 32. fxg4 Nf6 33. Qg5 b4 34.
cxb4 axb4 35. a4 Qc8 36. h3 Rc1+ 37. Kg2 Qc5 38. Qd2 Ne8 39. Qf4 Ng7 40. Rf2 f6
41. h4 Kf7 42. Re4 Qc8 43. Bc4 Rd1 44. Qf3 Rc1 45. Ba6 Qc7 46. Bxb7 Qxb7 47.
Rfe2 Rc7 48. Qb3 f5 49. Rxb4 Qa6 50. Rf2 Kg8 51. h5 gxh5 52. gxf5 Qa5 53. Re4
Kf7 54. Qf3 Ne8 55. Qxh5+ Kf8 56. Qh6+ Kf7 57. Qe6+ Kf8 58. f6 Nxf6 59. Rxf6+
exf6 60. Qe8+ 1-0

[Event "European Youth Chess Championship B14"]
[Site "Prague, Top Hotel Prague"]
[Date "2012.08.20"]
[Round "4.15"]
[White "Huber, Martin Christian"]
[Black "Petr, Jan"]
[Result "1-0"]
[WhiteElo "2185"]
[BlackElo "2001"]
[PlyCount "55"]
[EventDate "2012.08.17"]

1. Nf3 Nf6 2. c4 b6 3. g3 Bb7 4. Bg2 e6 5. O-O Be7 6. Nc3 O-O 7. d4 Ne4 8. Qc2
Nxc3 9. bxc3 c5 10. Ng5 Bxg5 11. Bxb7 Bxc1 12. Raxc1 Nc6 13. Bxa8 Qxa8 14. Rfd1
d6 15. d5 Ne5 16. dxe6 fxe6 17. Rxd6 Rxf2 18. Kxf2 Qf8+ 19. Kg1 Qxd6 20. Rd1
Qe7 21. Qe4 Qg5 22. Qa8+ Kf7 23. Rf1+ Ke7 24. Qb7+ Ke8 25. Qb8+ Ke7 26. Qxa7+
Nd7 27. Rd1 Qe3+ 28. Kf1 1-0

[Event "European Youth Chess Championship B14"]
[Site "Prague, Top Hotel Prague"]
[Date "2012.08.20"]
[Round "4.16"]
[White "Winiarski, Mikolaj"]
[Black "Msellek, Ilyass"]
[Result "1-0"]
[WhiteElo "2031"]
[BlackElo "2173"]
[PlyCount "103"]
[EventDate "2012.08.17"]

1. d4 d6 2. e4 Nf6 3. Nc3 e5 4. dxe5 dxe5 5. Qxd8+ Kxd8 6. Nf3 Bd6 7. Be3 c6 8.
O-O-O Ke7 9. Bc4 Be6 10. Bxe6 fxe6 11. Ng5 Re8 12. Rd3 b6 13. Rhd1 Bc7 14. f3
h6 15. Nh3 Nbd7 16. g4 Rh8 17. Nf2 Nf8 18. h4 h5 19. Bg5 Rd8 20. Rxd8 Bxd8 21.
gxh5 Rxh5 22. Nd3 N8d7 23. Nb4 Nb8 24. Nd3 Bc7 25. Ne2 Ke8 26. Ng3 Rh7 27. Nf2
Nbd7 28. Ng4 Rh8 29. Kd2 Nh7 30. Be3 Bd8 31. Rh1 c5 32. Ke2 Nhf6 33. h5 Kf7 34.
h6 Nxg4 35. fxg4 g5 36. Rd1 Nb8 37. Nh5 Be7 38. Rf1+ Kg6 39. Ng7 Nc6 40. Nxe6
Nd4+ 41. Bxd4 exd4 42. Rh1 Rxh6 43. Rxh6+ Kxh6 44. Kd3 Bd6 45. Kc4 Bf4 46. Kd5
Kg6 47. e5 Be3 48. b3 a5 49. a4 Kf7 50. Nc7 Ke7 51. Na8 c4 52. bxc4 1-0

[Event "European Youth Chess Championship B14"]
[Site "Prague, Top Hotel Prague"]
[Date "2012.08.20"]
[Round "4.17"]
[White "Sadikhov, Ulvi"]
[Black "Kovalev, Egor"]
[Result "1-0"]
[WhiteElo "2171"]
[BlackElo "1992"]
[PlyCount "59"]
[EventDate "2012.08.17"]

1. e4 c5 2. Nf3 Nc6 3. d4 cxd4 4. Nxd4 Qc7 5. Nc3 e6 6. g3 a6 7. Bg2 Nf6 8. O-O
Be7 9. a4 O-O 10. Be3 d6 11. f4 Na5 12. Kh1 Nc4 13. Bc1 e5 14. Nf5 exf4 15.
Nxe7+ Qxe7 16. gxf4 Ng4 17. Qf3 f5 18. Qe2 Na5 19. h3 Qh4 20. Kg1 Nf6 21. e5
dxe5 22. fxe5 Ne8 23. Rf4 Qd8 24. Bd5+ Kh8 25. Qh5 Qb6+ 26. Kf1 h6 27. b4 Nc6
28. Qg6 Qc7 29. Rh4 Nf6 30. exf6 1-0

[Event "European Youth Chess Championship B14"]
[Site "Prague, Top Hotel Prague"]
[Date "2012.08.20"]
[Round "4.18"]
[White "Ladopoulos, Dimitrios"]
[Black "Blahynka, Martin"]
[Result "1-0"]
[WhiteElo "2027"]
[BlackElo "2145"]
[PlyCount "73"]
[EventDate "2012.08.17"]

1. e4 e5 2. Nf3 Nc6 3. Bb5 a6 4. Ba4 Nge7 5. c3 g6 6. d4 exd4 7. cxd4 b5 8. Bb3
Bg7 9. Bg5 h6 10. Bh4 g5 11. Bg3 d6 12. d5 Bxb2 13. Nbd2 Ne5 14. Rb1 N7g6 15.
O-O Bc3 16. Rc1 Ba5 17. Nxe5 dxe5 18. Nf3 Qe7 19. Rc6 f6 20. d6 cxd6 21. Rxd6
h5 22. h4 g4 23. Ne1 Bb4 24. Rc6 Bd7 25. Qd5 Rd8 26. Rxa6 Kf8 27. Ra7 Bc5 28.
Rb7 Kg7 29. Nd3 Ba3 30. Rd1 Rhf8 31. Ne1 Kh6 32. Rxd7 Rxd7 33. Qxd7 Qc5 34. Nc2
Nf4 35. Bxf4+ exf4 36. Rd5 Qb6 37. Rxh5+ 1-0

[Event "European Youth Chess Championship B14"]
[Site "Prague, Top Hotel Prague"]
[Date "2012.08.20"]
[Round "4.19"]
[White "Tarasov, Alexandr"]
[Black "Marek, Matyas"]
[Result "1/2-1/2"]
[WhiteElo "2124"]
[BlackElo "1975"]
[PlyCount "84"]
[EventDate "2012.08.17"]

1. d4 d5 2. c4 e6 3. Nc3 Be7 4. cxd5 exd5 5. Bf4 c6 6. e3 Bf5 7. Nge2 Nd7 8.
Ng3 Bg6 9. Be2 Nb6 10. Rc1 Nf6 11. h4 h6 12. h5 Bh7 13. Bd3 Bxd3 14. Qxd3 O-O
15. Nf5 Re8 16. f3 Nc4 17. b3 Nd6 18. Bxd6 Bxd6 19. Kf2 Bf8 20. g4 Nh7 21. Na4
Ng5 22. Nc5 b6 23. Na6 Rc8 24. b4 Qf6 25. Qe2 Kh7 26. Kg2 g6 27. Ng3 Bd6 28. f4
Ne4 29. hxg6+ fxg6 30. Nxe4 Rxe4 31. Rxh6+ Kg7 32. Qf3 Bxf4 33. exf4 Rxf4 34.
Qh3 Rf2+ 35. Kh1 Rf3 36. Rh7+ Kg8 37. Qh4 g5 38. Qh6 Rf1+ 39. Rxf1 Qxf1+ 40.
Kh2 Qf2+ 41. Kh3 Qf3+ 42. Kh2 Qf2+ 1/2-1/2

[Event "European Youth Chess Championship B14"]
[Site "Prague, Top Hotel Prague"]
[Date "2012.08.20"]
[Round "4.20"]
[White "Grigorian, Spartak"]
[Black "Striechman, Orri"]
[Result "1-0"]
[WhiteElo "2118"]
[BlackElo "1969"]
[PlyCount "69"]
[EventDate "2012.08.17"]

1. d4 e6 2. c4 f5 3. Nf3 Nf6 4. g3 d5 5. Bg2 c6 6. O-O Bd6 7. Qc2 O-O 8. b3 Qe7
9. Bb2 b6 10. Ne5 Bb7 11. cxd5 cxd5 12. Nd2 Rc8 13. Qd1 Nc6 14. Ndf3 Nb4 15.
Nd3 Rc7 16. Nxb4 Bxb4 17. Rc1 Rxc1 18. Qxc1 Ba6 19. Ne5 Rc8 20. Qd1 Ne4 21. Nd3
Bc3 22. Qa1 Bxb2 23. Qxb2 Nc3 24. Bf3 Qf6 25. Ne5 Qe7 26. Rc1 Qc7 27. Kg2 Bb5
28. e3 a5 29. Qa3 g6 30. h4 Kg7 31. h5 Be8 32. Rxc3 Qxc3 33. Qe7+ Kh6 34. Qf8+
Kg5 35. Be2 1-0

[Event "European Youth Chess Championship B14"]
[Site "Prague, Top Hotel Prague"]
[Date "2012.08.20"]
[Round "4.21"]
[White "Chekletsov, Ilya"]
[Black "Pak, Alexander"]
[Result "1/2-1/2"]
[WhiteElo "2018"]
[BlackElo "2104"]
[PlyCount "95"]
[EventDate "2012.08.17"]

1. d4 d5 2. c4 e6 3. Nf3 c6 4. g3 Nf6 5. Qc2 dxc4 6. Qxc4 b5 7. Qc2 Bb7 8. Bg2
Nbd7 9. O-O Be7 10. Rd1 Qb6 11. Bg5 h6 12. Bxf6 Nxf6 13. Ne5 Rc8 14. a4 O-O 15.
Nc3 a5 16. Qb3 b4 17. Ne4 Rfd8 18. e3 Qa7 19. Nxf6+ Bxf6 20. Nd3 Be7 21. Rac1
Qb6 22. Nc5 Ba8 23. Bf3 Bf8 24. Qc4 Qc7 25. Bg4 Re8 26. f4 Bb7 27. Bf3 Ba8 28.
Kg2 Rcd8 29. Rc2 g6 30. Rdc1 Bg7 31. Nb3 Rd6 32. Qc5 f6 33. Qxa5 Qe7 34. Bxc6
Rxc6 35. Rxc6 e5 36. fxe5 fxe5 37. Qd5+ Kh7 38. Qe4 Qf7 39. Rf1 Bxc6 40. Qxc6
Qxb3 41. Qxe8 exd4 42. exd4 Qxb2+ 43. Rf2 Qxd4 44. Qe6 Qd3 45. Qe2 Qd5+ 46. Qf3
Qc4 47. a5 Qb5 48. Qb3 1/2-1/2

[Event "European Youth Chess Championship B14"]
[Site "Prague, Top Hotel Prague"]
[Date "2012.08.20"]
[Round "4.22"]
[White "Bakhmatsky, Vladislav"]
[Black "Nikolovski, Nikola"]
[Result "0-1"]
[WhiteElo "2101"]
[BlackElo "1917"]
[PlyCount "93"]
[EventDate "2012.08.17"]

1. e4 c5 2. Nf3 d6 3. d4 cxd4 4. Nxd4 Nf6 5. Nc3 Nc6 6. Bg5 e6 7. Qd2 a6 8.
O-O-O h6 9. Nxc6 bxc6 10. Bh4 d5 11. e5 g5 12. Bg3 Nh5 13. Be2 Nxg3 14. hxg3
Bd7 15. f4 Rb8 16. Rdf1 Be7 17. Bh5 Qb6 18. Nd1 d4 19. Rf3 c5 20. Qf2 Bc6 21.
Rb3 Qc7 22. Rxb8+ Qxb8 23. Kb1 Qb7 24. f5 Bxg2 25. Re1 Bd5 26. Qf1 O-O 27. f6
Bd8 28. Be2 Be4 29. Bxa6 Qd5 30. Qe2 Bg6 31. Bc4 Qb7 32. Qh2 Kh7 33. Rh1 h5 34.
Bd3 Kg8 35. Be2 d3 36. Bxd3 Bc7 37. Re1 Rd8 38. Qd2 c4 39. Qxg5 cxd3 40. Nc3
dxc2+ 41. Kc1 Rb8 42. b3 Qb4 43. Kb2 Ba5 44. Re3 Rc8 45. Qh6 Qf8 46. Qxf8+ Kxf8
47. Ne2 0-1

[Event "European Youth Chess Championship B14"]
[Site "Prague, Top Hotel Prague"]
[Date "2012.08.20"]
[Round "4.23"]
[White "Rudakov, Aleksandr"]
[Black "Lappalainen, Matias"]
[Result "0-1"]
[WhiteElo "2086"]
[BlackElo "1870"]
[PlyCount "108"]
[EventDate "2012.08.17"]

1. e4 e5 2. Nf3 Nf6 3. Nxe5 d6 4. Nf3 Nxe4 5. Nc3 Nxc3 6. dxc3 Be7 7. Be3 Nc6
8. Qd2 Be6 9. O-O-O Bf6 10. Kb1 O-O 11. h4 Ne5 12. Nxe5 dxe5 13. Qe2 Qe7 14. g4
Bxh4 15. Qf3 e4 16. Qh3 g5 17. Be2 h6 18. Qg2 Rad8 19. c4 Bc8 20. Bd4 c5 21.
Bc3 b6 22. f3 Bb7 23. Rdf1 e3 24. Qh3 Rd6 25. Rh2 Rfd8 26. a3 f6 27. f4 Be4 28.
Bf3 Bxf3 29. Qxf3 Re6 30. Re2 Re4 31. fxg5 Bxg5 32. b3 Rf4 33. Qg2 Rxf1+ 34.
Qxf1 Qd7 35. Qf3 Qe6 36. Kb2 Re8 37. a4 Qe4 38. Qg3 Bf4 39. Qh3 Bg5 40. Qg3 Bf4
41. Qh3 Bg5 42. Qg3 a5 43. Ka2 Bf4 44. Qh3 Re6 45. Kb2 Rd6 46. Qh5 Bg5 47. Qh2
Bf4 48. Qh5 Kg7 49. Qh3 Rd1 50. Qh5 Rh1 51. Qf5 Qxf5 52. gxf5 Rh5 53. Rg2+ Rg5
54. Rxg5+ hxg5 0-1

[Event "European Youth Chess Championship B14"]
[Site "Prague, Top Hotel Prague"]
[Date "2012.08.20"]
[Round "4.24"]
[White "Malhotra, Tarun"]
[Black "Christiansen, Johan-Sebastian"]
[Result "0-1"]
[WhiteElo "2005"]
[BlackElo "2073"]
[PlyCount "54"]
[EventDate "2012.08.17"]

1. e4 c5 2. Nf3 d6 3. d4 cxd4 4. Nxd4 Nf6 5. Nc3 g6 6. Be3 Bg7 7. f3 O-O 8. Qd2
Nc6 9. Bc4 Bd7 10. Bb3 Rc8 11. O-O-O Nxd4 12. Bxd4 b5 13. h4 a5 14. h5 a4 15.
hxg6 axb3 16. Rxh7 bxa2 17. Nxa2 fxg6 18. Rh2 Be6 19. Nc3 b4 20. Nd5 b3 21. c3
Qa5 22. Qg5 Bxd5 23. exd5 e5 24. Qxg6 exd4 25. Rdh1 Qa1+ 26. Kd2 Qxb2+ 27. Ke1
Rfe8+ 0-1

[Event "European Youth Chess Championship B14"]
[Site "Prague, Top Hotel Prague"]
[Date "2012.08.20"]
[Round "4.25"]
[White "Morozov, Nichita"]
[Black "Markoja, Boris"]
[Result "1/2-1/2"]
[WhiteElo "2002"]
[BlackElo "2070"]
[Annotator ",Microsoft"]
[PlyCount "106"]
[EventDate "2012.08.17"]

1. d4 g6 2. Nf3 Bg7 3. g3 d6 4. Bg2 Nf6 5. O-O O-O 6. c4 c6 7. Nc3 Bf5 8. Re1
Ne4 9. Nxe4 Bxe4 10. b3 d5 11. Bb2 e6 12. e3 Nd7 13. Bf1 Bxf3 14. Qxf3 f5 15.
Qe2 Nf6 16. Bg2 g5 17. Qd3 g4 18. cxd5 cxd5 19. Rac1 Qd7 20. Rc2 Rfc8 21. Rec1
Bf8 22. Bf1 Bd6 23. Qb5 Qxb5 24. Bxb5 Rxc2 25. Rxc2 Kf8 26. Bd3 Ke7 27. Bc3 Ne4
28. Be1 Ng5 29. Be2 h5 30. Kg2 Rh8 31. f3 gxf3+ 32. Bxf3 Nxf3 33. Kxf3 Kd7 34.
Bf2 b5 35. Be1 Rb8 36. Rc1 b4 37. Rc2 a5 38. Bd2 Ra8 39. Kg2 Rg8 40. Kf3 Ra8
41. Kg2 a4 42. bxa4 Rxa4 43. Kf3 Ra6 44. Ke2 Rc6 45. Rxc6 Kxc6 46. Kd3 Kb5 47.
Bc1 Ka4 48. Kc2 Be7 49. Kb2 Bd8 50. Bd2 Bg5 51. Bc1 Bh6 52. Bd2 Bg7 53. Bc1 Bf6
$11 1/2-1/2

[Event "European Youth Chess Championship B14"]
[Site "Prague, Top Hotel Prague"]
[Date "2012.08.20"]
[Round "4.26"]
[White "Petrov, Vladimir Sergeev"]
[Black "Foniak, Ivan"]
[Result "1/2-1/2"]
[WhiteElo "1991"]
[BlackElo "2067"]
[Annotator ",Microsoft"]
[PlyCount "180"]
[EventDate "2012.08.17"]

1. e4 c5 2. Nf3 Nc6 3. d4 cxd4 4. Nxd4 Nf6 5. Nc3 d6 6. Bg5 g6 7. Bxf6 exf6 8.
Bc4 Bg7 9. O-O O-O 10. Ndb5 f5 11. exf5 Bxf5 12. Nxd6 Bxc2 13. Nxf7 Qxd1 14.
Ng5+ Kh8 15. Nxd1 Ne5 16. Bd5 Rad8 17. Ne3 Bf5 18. Rfd1 Bf6 19. Nxf5 Bxg5 20.
Ng3 Rc8 21. Ne4 Be7 22. Bb3 b6 23. Rac1 Kg7 24. h3 Rfd8 25. Rxc8 Rxc8 26. Rd5
Nc6 27. Rd7 Kf8 28. Be6 Rd8 29. Rb7 Rb8 30. Rc7 Nd4 31. Bd7 a6 32. Rc4 Ne2+ 33.
Kf1 Nf4 34. Rd4 Rd8 35. Nc3 Ne6 36. Rd3 Nc5 37. Rf3+ Kg7 38. Bc6 Bf6 39. b4 Ne6
40. Ne4 Be5 41. Re3 Nd4 42. Ng5 Nxc6 43. Ne6+ Kf6 44. Nxd8 Nxd8 45. Ra3 Bd4 46.
Rxa6 Nc6 47. a3 Ke6 48. Ra8 Kd5 49. Ke2 Be5 50. Kd3 b5 51. g3 Bb8 52. a4 Nxb4+
53. Kc3 Bd6 54. axb5 Kc5 55. Ra7 h5 56. f4 Nd5+ 57. Kd3 Kxb5 58. Rg7 Ne7 59.
Ke4 Kc6 60. g4 hxg4 61. hxg4 Bb4 62. f5 gxf5+ 63. gxf5 Kd6 64. f6 Nd5 65. f7
Nf6+ 66. Kf5 Ke7 67. Rg6 Nd7 68. Rg4 Bc3 69. Rc4 Be5 70. Kg6 Nf8+ 71. Kf5 Nd7
72. f8=Q+ Kxf8 73. Ke6 Nb6 74. Rb4 Bc7 75. Rh4 Kg7 76. Rg4+ Kf8 77. Rg1 Bh2 78.
Rg2 Bc7 79. Rg4 Bh2 80. Rg2 Bc7 81. Rc2 Bg3 82. Rc3 Bh2 83. Rc1 Na4 84. Kd5 Ke7
85. Ra1 Nb6+ 86. Kc6 Nc4 87. Kd5 Nb6+ 88. Kc6 Nc4 89. Ra2 Bg3 90. Rg2 Bf4 $11
1/2-1/2

[Event "European Youth Chess Championship B14"]
[Site "Prague, Top Hotel Prague"]
[Date "2012.08.20"]
[Round "4.27"]
[White "Plenca, Jadranko"]
[Black "Schweighoffer, Martin"]
[Result "1-0"]
[WhiteElo "2061"]
[BlackElo "1756"]
[PlyCount "71"]
[EventDate "2012.08.17"]

1. e4 e5 2. Nf3 Nc6 3. Bc4 Nf6 4. d3 Be7 5. O-O O-O 6. Re1 d6 7. c3 Na5 8. Bb5
c6 9. Ba4 b5 10. Bc2 c5 11. Nbd2 Bg4 12. h3 Bh5 13. Nf1 Qc7 14. Ng3 Bg6 15. Nh4
Rfe8 16. f4 exf4 17. Bxf4 Nd7 18. Nhf5 Bf8 19. Rc1 Qb6 20. Ne3 c4 21. d4 Nf6
22. Qf3 Qb7 23. Nef5 Qb6 24. Kh2 Nb7 25. Rcd1 h6 26. Nh4 Nd7 27. Nxg6 fxg6 28.
Qg4 Rad8 29. Qxg6 d5 30. e5 Qxg6 31. Bxg6 Re6 32. Bf5 Re7 33. Bxd7 Rdxd7 34. e6
Rd8 35. Nf5 Ree8 36. e7 1-0

[Event "European Youth Chess Championship B14"]
[Site "Prague, Top Hotel Prague"]
[Date "2012.08.20"]
[Round "4.28"]
[White "Murphy, Conor E"]
[Black "Suarez Gomez, Julio"]
[Result "1/2-1/2"]
[WhiteElo "1976"]
[BlackElo "2057"]
[PlyCount "84"]
[EventDate "2012.08.17"]

1. Nf3 Nf6 2. g3 e6 3. Bg2 d5 4. c4 Be7 5. O-O O-O 6. b3 c5 7. Bb2 Nc6 8. e3 b6
9. Nc3 Bb7 10. cxd5 Nxd5 11. Nxd5 Qxd5 12. d4 Rad8 13. Ne5 Qd6 14. Rc1 Qc7 15.
Nxc6 Bxc6 16. Bxc6 Qxc6 17. Qg4 f5 18. Qxg7+ Kxg7 19. d5+ Bf6 20. Bxf6+ Kxf6
21. dxc6 Rc8 22. Rfd1 Rxc6 23. a4 Rfc8 24. Rc4 a6 25. Rh4 R8c7 26. e4 b5 27.
axb5 axb5 28. exf5 exf5 29. Rh6+ Kg7 30. Rxc6 Rxc6 31. Kf1 Kf6 32. f4 c4 33.
bxc4 bxc4 34. Ke2 Re6+ 35. Kf3 Ra6 36. Rc1 Ra3+ 37. Ke2 Ra2+ 38. Ke3 Rxh2 39.
Rxc4 h5 40. Rc6+ Kg7 41. Kd4 Re2 42. Rc7+ Kg6 1/2-1/2

[Event "European Youth Chess Championship B14"]
[Site "Prague, Top Hotel Prague"]
[Date "2012.08.20"]
[Round "4.29"]
[White "Aleksanyan, Gor"]
[Black "Haria, Ravi"]
[Result "1-0"]
[WhiteElo "1907"]
[BlackElo "2054"]
[PlyCount "91"]
[EventDate "2012.08.17"]

1. e4 c5 2. Nf3 d6 3. d4 cxd4 4. Nxd4 Nf6 5. Nc3 Nc6 6. Bg5 e6 7. f4 Be7 8. Qd2
a6 9. O-O-O Bd7 10. a3 b5 11. Be2 Qb6 12. Nxc6 Bxc6 13. Bf3 O-O-O 14. Qe1 Kb7
15. Bh4 a5 16. Bf2 Qa6 17. Nd5 Bf8 18. Nxf6 gxf6 19. Bh4 Bh6 20. g3 Bg7 21. Qc3
Qb6 22. e5 dxe5 23. Rxd8 Rxd8 24. fxe5 Rc8 25. Bxf6 Bh6+ 26. Kb1 Qf2 27. Bxc6+
Rxc6 28. Qd3 Rc5 29. Qxh7 Qf3 30. Re1 Qf2 31. Qe4+ Rc6 32. Rd1 Qc5 33. Rd6 a4
34. h4 Bf8 35. Rxc6 Qxc6 36. Qxc6+ Kxc6 37. g4 Kd5 38. h5 Ke4 39. g5 Kf5 40. h6
Kg6 41. Kc1 Bc5 42. c3 Be3+ 43. Kc2 Kh7 44. c4 bxc4 45. Kc3 Bc1 46. Kxc4 1-0

[Event "European Youth Chess Championship B14"]
[Site "Prague, Top Hotel Prague"]
[Date "2012.08.20"]
[Round "4.30"]
[White "Yaver, Faik Emre"]
[Black "Garriga Cazorla, Pere"]
[Result "1/2-1/2"]
[WhiteElo "1782"]
[BlackElo "2043"]
[PlyCount "80"]
[EventDate "2012.08.17"]

1. e4 c5 2. c3 d5 3. exd5 Qxd5 4. d4 Nf6 5. Nf3 Bg4 6. Be2 e6 7. h3 Bh5 8. O-O
Be7 9. Be3 cxd4 10. cxd4 O-O 11. Nc3 Qd6 12. Qb3 Nc6 13. Rfd1 Nb4 14. Rac1 a6
15. Ne5 Bxe2 16. Nxe2 Nbd5 17. Bf4 Qb4 18. Qxb4 Bxb4 19. Bd2 Bd6 20. Nc3 Rfd8
21. Nc4 Bf8 22. Nxd5 Nxd5 23. Ba5 Rdc8 24. Ne3 Nf4 25. Kf1 Rxc1 26. Rxc1 Bd6
27. Rc3 b5 28. a3 Kf8 29. h4 Ke7 30. g3 Nd5 31. Nxd5+ exd5 32. Bc7 Kd7 33. Bxd6
Kxd6 34. Ke2 Re8+ 35. Kd3 h5 36. Rc1 g6 37. Rd1 Rc8 38. Re1 Rd8 39. Rc1 Re8 40.
Rd1 Rc8 1/2-1/2

[Event "European Youth Chess Championship B14"]
[Site "Prague, Top Hotel Prague"]
[Date "2012.08.20"]
[Round "4.31"]
[White "Tokranovs, Dmitrijs"]
[Black "Havelka, Josef"]
[Result "1-0"]
[WhiteElo "2060"]
[BlackElo "1856"]
[PlyCount "39"]
[EventDate "2012.08.17"]

1. e4 c5 2. c3 d5 3. exd5 Qxd5 4. d4 e6 5. Nf3 Nc6 6. Na3 a6 7. Nc4 b5 8. Nb6
Qe4+ 9. Be2 Rb8 10. Nxc8 Rxc8 11. O-O cxd4 12. Nxd4 Nxd4 13. cxd4 Rd8 14. Be3
e5 15. Bf3 Qg6 16. a4 b4 17. a5 e4 18. Qa4+ Rd7 19. Be2 Bd6 20. Bxa6 1-0

[Event "European Youth Chess Championship B14"]
[Site "Prague, Top Hotel Prague"]
[Date "2012.08.20"]
[Round "4.32"]
[White "Melnikov, Egor"]
[Black "Zubkov, Vsevolod"]
[Result "1-0"]
[WhiteElo "2033"]
[BlackElo "1928"]
[PlyCount "81"]
[EventDate "2012.08.17"]

1. e4 c5 2. Nf3 e6 3. Nc3 a6 4. g3 b5 5. d4 cxd4 6. Nxd4 Bb7 7. a3 Nf6 8. Bg2
Qc7 9. O-O d6 10. Re1 Nc6 11. Nxc6 Qxc6 12. Nd5 Be7 13. Nxe7 Kxe7 14. Bg5 h6
15. Bxf6+ gxf6 16. Qd2 e5 17. Rad1 Bc8 18. Re3 Be6 19. h4 Rac8 20. Kh2 Qd7 21.
Rd3 Rc6 22. f4 Qc7 23. c3 Bb3 24. Re1 Qc8 25. Qf2 Qb7 26. Bh3 Qb6 27. Qf3 Qb8
28. Rg1 h5 29. Rg2 Rh6 30. Rf2 Qa7 31. Rdd2 Rb6 32. fxe5 fxe5 33. Qe3 Rg6 34.
Bf5 Rg7 35. Qh6 Kf8 36. Rxd6 Rxd6 37. Qxd6+ Ke8 38. Rd2 Bd5 39. Qxd5 Qg1+ 40.
Kxg1 Rxg3+ 41. Kh2 1-0

[Event "European Youth Chess Championship B14"]
[Site "Prague, Top Hotel Prague"]
[Date "2012.08.20"]
[Round "4.33"]
[White "Gavrilov, Mikhail"]
[Black "Ptacek, Tomas"]
[Result "0-1"]
[WhiteElo "1857"]
[BlackElo "2019"]
[PlyCount "90"]
[EventDate "2012.08.17"]

1. e4 e6 2. d3 d5 3. Nd2 c5 4. Ngf3 Nc6 5. g3 g6 6. Bg2 Bg7 7. O-O Nge7 8. Re1
O-O 9. c3 b6 10. Nf1 dxe4 11. dxe4 Qxd1 12. Rxd1 Ba6 13. Bg5 Rad8 14. Rd2 Rxd2
15. N1xd2 h6 16. Bxe7 Nxe7 17. Bf1 Bb7 18. Re1 Rd8 19. Bc4 g5 20. h3 Ng6 21.
Nf1 Bc6 22. a3 a5 23. N1h2 b5 24. Bf1 b4 25. e5 bxa3 26. bxa3 Rb8 27. Bc4 Kf8
28. Bd3 Rb3 29. Bxg6 fxg6 30. Re3 Rxa3 31. Ng4 Ra1+ 32. Kh2 Ke7 33. Nf6 Bxf6
34. exf6+ Kxf6 35. g4 Bd5 36. Ng1 a4 37. c4 Bxc4 38. Rc3 Bd5 39. Rxc5 a3 40.
Ne2 Ra2 41. Nc3 Rxf2+ 42. Kg1 Rg2+ 43. Kf1 a2 44. Nxd5+ exd5 45. Ra5 Rb2 0-1

[Event "European Youth Chess Championship B14"]
[Site "Prague, Top Hotel Prague"]
[Date "2012.08.20"]
[Round "4.34"]
[White "Valkama, Eero"]
[Black "Musiienko, Danylo"]
[Result "0-1"]
[WhiteElo "1827"]
[BlackElo "2004"]
[PlyCount "84"]
[EventDate "2012.08.17"]

1. e4 c5 2. Nf3 Nc6 3. d4 cxd4 4. Nxd4 g6 5. c4 Nf6 6. Nc3 Nxd4 7. Qxd4 d6 8.
Be2 Bg7 9. Be3 O-O 10. Qd2 a5 11. f3 a4 12. O-O Qa5 13. Rac1 Be6 14. Rfd1 Rfc8
15. b3 axb3 16. axb3 Nd7 17. Bd4 Bxd4+ 18. Qxd4 Qc5 19. Nb5 Ra2 20. Bd3 Qg5 21.
Bf1 Ne5 22. Qc3 Bh3 23. g3 Bxf1 24. Rxf1 Qh5 25. h4 g5 26. Rf2 Rxf2 27. Kxf2
gxh4 28. g4 Qg5 29. Rh1 Nxc4 30. bxc4 Qxb5 31. Rc1 Qc5+ 32. Kg2 b5 33. Qe1 Qg5
34. Rd1 Rxc4 35. Qf2 Rb4 36. Rd3 Qf6 37. Rd2 Rb3 38. Qf1 Qf4 39. Rf2 Rc3 40.
Qe2 Qg3+ 41. Kh1 Rc1+ 42. Rf1 Qh3+ 0-1

[Event "European Youth Chess Championship B14"]
[Site "Prague, Top Hotel Prague"]
[Date "2012.08.20"]
[Round "4.35"]
[White "Puskar, Peter"]
[Black "Kiss, Balint"]
[Result "1-0"]
[WhiteElo "1998"]
[BlackElo "1840"]
[PlyCount "77"]
[EventDate "2012.08.17"]

1. c4 e5 2. Nc3 Nf6 3. g3 Nc6 4. Bg2 Bc5 5. Nf3 O-O 6. Nxe5 Bxf2+ 7. Kxf2 Nxe5
8. b3 Nfg4+ 9. Kg1 f5 10. d4 Ng6 11. e4 d6 12. h3 Nh6 13. exf5 Nxf5 14. Ne4 c6
15. d5 c5 16. Kh2 Qe7 17. Bd2 Bd7 18. Re1 Ne5 19. Bc3 Rf7 20. Nxd6 Qxd6 21.
Bxe5 Qh6 22. Qd3 Raf8 23. Re2 Ne7 24. Rae1 Rf2 25. h4 g5 26. Qe3 R8f3 27. Qxg5+
Qxg5 28. hxg5 Nf5 29. Kg1 Rxe2 30. Rxe2 Rd3 31. Kf2 Kf7 32. Bf3 Rd1 33. Bh5+
Kf8 34. g4 Nd4 35. Bd6+ Kg8 36. Re7 Rd2+ 37. Kg3 Rd3+ 38. Kf4 Rf3+ 39. Ke4 1-0

[Event "European Youth Chess Championship B14"]
[Site "Prague, Top Hotel Prague"]
[Date "2012.08.20"]
[Round "4.36"]
[White "Zeman, Radek"]
[Black "Abramciuc, Marius"]
[Result "1/2-1/2"]
[WhiteElo "1794"]
[BlackElo "1990"]
[PlyCount "88"]
[EventDate "2012.08.17"]

1. e4 e5 2. Nf3 Nc6 3. Bb5 a6 4. Ba4 Nf6 5. O-O Be7 6. Bxc6 dxc6 7. d3 Nd7 8.
Nbd2 f6 9. Nh4 g6 10. Nc4 O-O 11. b3 Nc5 12. Bb2 Ne6 13. Nf3 c5 14. a4 Nd4 15.
h3 Be6 16. Nh2 b5 17. axb5 axb5 18. Ne3 Rxa1 19. Qxa1 f5 20. Qa5 Qd7 21. Qe1 f4
22. Bxd4 cxd4 23. Neg4 Bd6 24. Nf3 Bxg4 25. hxg4 Qxg4 26. c3 c5 27. cxd4 cxd4
28. Qa5 Qd7 29. Ra1 h6 30. Qa7 Qxa7 31. Rxa7 g5 32. Rb7 Rb8 33. Rd7 Rb6 34. Kh2
g4 35. Nh4 Bf8 36. Rd5 Bg7 37. Nf5 Bh8 38. Rd8+ Kh7 39. Rd7+ Kg6 40. Rd6+ Rxd6
41. Nxd6 b4 42. Nc8 Bg7 43. Ne7+ Kf6 44. Nd5+ Ke6 1/2-1/2